Top 10 des communes de France par lettre - N - Statistiques

Statistiques générales
  • Ce quiz a été pris 156 fois
  • Le résultat moyen est 8 sur 10
Statistiques - réponses
Région/Collectivité Population (année hors 2022) Commune % Correct
Pays de la Loire 325.070 Nantes
99%
Provence-Alpes-Côte-d'Azur 353.701 Nice
98%
Grand Est 104.387 Nancy
92%
Occitanie 150.444 Nîmes
82%
Nouvelle-Calédonie 85.976 (2025) Nouméa
82%
Occitanie 56.692 Narbonne
74%
Île-de-France 98.119 Nanterre
72%
Nouvelle-Aquitaine 60.074 Niort
68%
Île-de-France 59.200 Neuilly-sur-Seine
55%
Île-de-France 71.632 Noisy-le-Grand
37%
Aucun quiz correspondant
Distribution des résultats
% des personnes avec chaque résultat
Percentile par nombre de réponses
Votre historique - résultats
Vous n’avez pas pris ce quiz